| 000 | 00654pam a2200217 a 4500 | ||
|---|---|---|---|
| 001 | 1559228 | ||
| 005 | 20231205020914.0 | ||
| 008 | 920320s1992 nyu b 001 0 eng | ||
| 020 | _a0231080727 (cloth : acidfree paper) : | ||
| 020 | _a0231080735 (pbk. : acidfree paper) : | ||
| 040 |
_aDLC _cDLC _dDLC |
||
| 082 | 0 | 0 |
_a305.42/01 _220 |
| 245 | 0 | 0 |
_aModern feminisms : _bpolitical, literary, cultural / _cedited and introduced by Maggie Humm. |
| 260 |
_aNew York : _bColumbia University Press, _c1992. |
||
| 300 | _axx, 420 p. ; | ||
| 650 | 0 | _aFeminist theory. | |
| 650 | 0 | _aFeminism | |
| 650 | 0 | _aFeminism | |
| 700 | 1 |
_aHumm, Maggie. _eedt |
|
| 942 | _cL | ||
| 999 |
_c146 _d146 |
||